000 00302nam a22001217a 4500
008 260424b |||||||| |||| 00| 0 eng d
082 _a00187
100 _aS, Gurumurthy
245 _aKadambaru, Samagra Avalokana
260 _aBangalore
_bSri Bharatvani Prakashan
_c2020
300 _a322p
942 _2ddc
999 _c1332
_d1332